000 00391nam a22001457a 4500
005 20170515152803.0
008 170515b xxu||||| |||| 00| 0 eng d
040 _cPK-LaUMT
082 _aZIAC 297.01
_bAKR-A
100 _aAkram Zia ul Umari
245 _aAl tras ul muasirat/
_cAkram Zia ul Umari
260 _aقطرَ
_bلراسۃ المحاکم،
_c1985
300 _a139 ص
942 _cBK
999 _c93535
_d93535